Sports Quiz

Random Sports Quiz

Name All The Class 4A High Schools In NM Quiz Stats

 Plays Quiz not verified by Sporcle

Challenge
Share
Tweet
Embed
Score 0/26 Timer 05:00
0 Plays Today
% Correct
Aztec
98.4%
Farmington
96.7%
Artesia
96.7%
Goddard
96.7%
Roswell
93.4%
Valencia
93.4%
Belen
90.2%
Gallup
90.2%
Los Lunas
90.2%
Grants
82%
Deming
80.3%
Piedra Vista
75.4%
Capital
72.1%
% Correct
Los Alamos
72.1%
Santa Fe
72.1%
Del Norte
72.1%
Santa Teresa
70.5%
Moriarty
70.5%
Espanola
68.9%
Bloomfield
67.2%
Kirtland Central
65.6%
Atrisco Heritage
65.6%
Chaparral
62.3%
Bernalillo
60.7%
Miyamura
60.7%
St. Pius X
52.5%

You're not logged in!

Compare scores with friends on all Sporcle quizzes.
OR
Log In

You Might Also Like...

Show Comments

Extras

Created Jan 1, 2012ReportNominate
Tags:class, school

Top Quizzes Today


Score Distribution

Your Account Isn't Verified!

In order to create a playlist on Sporcle, you need to verify the email address you used during registration. Go to your Sporcle Settings to finish the process.

Report this User

Report this user for behavior that violates our Community Guidelines.

Details: